Bienvenue à la Médiathèque de Saint-Andiol
banniere
Accueil Recherche avancée Mon compte
handi1 Rechercher dans le catalogue

Filtre   Mots-clés
  Recherche avancée
 
Lister les dernières nouveautés
 
Lister les livres GROS CARACTERES
 
Lister les périodiques (magazines)

handi1 Que choisir [ 631 ]

Book Cover
Titre : Que choisir [ 631 ]
Support : Livres
Langue : Francais
Publié : 2023 Union Fédérale des Consommateurs
Genre : Revues et magazines
Collection : Que Choisir
Sujets :
Étiquettes :
Pas de tags
LEADER 00875nas0a2200253 450
001 16862147
011 |d 6,95 € 
100 |a 20231228d2023 u u0frey01 ba 
101 1 |a fre  |c fre 
102 |a FR 
110 0 |a afu 0uu0 
200 0 |a Que choisir [ 631 ]  |f Alain Bazot 
207 1 |a  631 
210 |c Union Fédérale des Consommateurs  |d 2023 
215 |a 66 p.  |c couv. ill. coul. ; ill. coul.  |d 28 cm 
225 1 |a Que Choisir 
464 |a Pâtes feuilletées : Quelle est la meilleure? 
464 |a Se chauffer : Radiateur électrique ou pompe à chaleur? 21 appareils testés 
464 |a Fast-foods : Encore trop de déchets 
464 |a Imprimantes multifonctions 
464 |a cafetières avec broyeur 
900 |a Revues et magazines 
901 |a Adultes 
995 |a Médiathèque  |c Médiathèque  |f 089019891  |h 089019891  |k 070.17 QUE 631  |o p  |q a  |r az  |e Médiathèque